Points de repere (Record n. 73648)
[ formato base ]
| 000 -LEADER | |
|---|---|
| fixed length control field | 01560nam a2200337Ia 4500 |
| 001 - CONTROL NUMBER | |
| control field | 18624 |
| 003 - CONTROL NUMBER IDENTIFIER | |
| control field | IT-RoPAU |
| 008 - FIXED-LENGTH DATA ELEMENTS--GENERAL INFORMATION | |
| fixed length control field | 130308s9999 xx 000 0 und d |
| 040 ## - CATALOGING SOURCE | |
| Original cataloging agency | IT-RoPAU |
| 040 ## - CATALOGING SOURCE | |
| Transcribing agency | IT-RoPAU |
| 041 ## - LANGUAGE CODE | |
| Language code of text/sound track or separate title | FRANCESE |
| 999 ## - SYSTEM CONTROL NUMBERS (KOHA) | |
| Koha Dewey Subclass [OBSOLETE] | SI |
| 100 ## - MAIN ENTRY--PERSONAL NAME | |
| Personal name | Boulez Pierre |
| 100 ## - MAIN ENTRY--PERSONAL NAME | |
| Miscellaneous information | Codice Aut. SPICS: 8911 |
| 242 ## - TRANSLATION OF TITLE BY CATALOGING AGENCY | |
| Title | PUNTI DI RIFERIMENTO |
| 242 ## - TRANSLATION OF TITLE BY CATALOGING AGENCY | |
| Number of part/section of a work | Cod. Traduzione Titolo: 25078 |
| 242 ## - TRANSLATION OF TITLE BY CATALOGING AGENCY | |
| Language code of translated title | ITA |
| 245 ## - TITLE STATEMENT | |
| Title | Points de repere |
| 245 ## - TITLE STATEMENT | |
| Remainder of title | Points de Repere |
| 250 ## - EDITION STATEMENT | |
| Edition statement | 1a ed. |
| 260 ## - PUBLICATION, DISTRIBUTION, ETC. (IMPRINT) | |
| Place of publication, distribution, etc. | PARIS |
| 260 ## - PUBLICATION, DISTRIBUTION, ETC. (IMPRINT) | |
| Name of publisher, distributor, etc. | Bourgois Crhistian |
| 260 ## - PUBLICATION, DISTRIBUTION, ETC. (IMPRINT) | |
| Date of publication, distribution, etc. | 1981 [1° Ed.:1981 - Ed.Ling.Originale:1981] |
| 300 ## - PHYSICAL DESCRIPTION | |
| Extent | "576 p. (prefazione: no ; testo: 576)" |
| 500 ## - GENERAL NOTE | |
| General note | Punti di Riferimento. Testi Riuniti e Presentati da Jean Jacques Nattiez. Immagini: Maestria e Mestiere: Estetica, Gusto, Forma, Tempo e notazione Musicale, Compositore, Improvvisazione, Suono Parola e Musica, Poesia Sonata e Polifonia. Sguardo Sugli Altri: Wagner, Berlioz, Mahler, Kandinskij, Schonberg, Messiaen, Debussy, Stravinskij, Webern, Berg, Varese, Bartok. testo e Sua Realta': Dire, Suonare e Cantare, Interpretazione di Wozzeck e di Lulu. itinerario Retrospettivo: Campo Musicale, Orchestra, Sala, Repertorio, Pubblico, Novità nella Musica. Epitaffi, Omaggi e Iscrizioni: Wolfgang Steinecke, Arcani Varese, Hermann Scherchen, Hans Rosbaud, T.W. Adorno, Heinrich Strobel, Bruno Maderna, Olivier Messiaen, Gaetan Picon. |
| 650 ## - SUBJECT ADDED ENTRY--TOPICAL TERM | |
| Topical term or geographic name as entry element | LINGUAGGIO MUSICALE |
| 650 ## - SUBJECT ADDED ENTRY--TOPICAL TERM | |
| Relator term | Codice materia Spics: 7004 |
| 942 ## - ADDED ENTRY ELEMENTS (KOHA) | |
| Koha item type | LIBRO |
| 957 ## - | |
| -- | 1 |
| 999 ## - SYSTEM CONTROL NUMBERS (KOHA) | |
| -- | 1 |
| Withdrawn status | Lost status | Damaged status | Not for loan | Home library | Current library | Date acquired | Total Checkouts | Full call number | Date last seen | Price effective from | Koha item type | Public note |
|---|---|---|---|---|---|---|---|---|---|---|---|---|
| Buone Condizioni | Not For Loan | SPICS-MEDIATECA | SPICS-MEDIATECA | 08/03/2013 | 18624 | 08/03/2013 | 08/03/2013 | LIBRO | Progressivo inserimento: 47479 / N. Volumi: 1 Copie: 1 Copia Rara: SI / data import: 1 marzo 2013 - By Epidotti, Trombetti, Vaglietti. |